| 000 | 00873cam a2200253 i 4500 | ||
|---|---|---|---|
| 999 |
_c57517 _d57517 |
||
| 001 | 21028538 | ||
| 005 | 20221107153541.0 | ||
| 008 | 190621t20192019enk b 001 0 eng d | ||
| 020 | _a9781784787141x | ||
| 041 | 1 |
_aeng _hfre |
|
| 080 | _a341+1 G-90 | ||
| 100 | 1 |
_aGros, Frédéric _98944 |
|
| 240 | 1 | 0 |
_aPrincipe sécurité. _lEnglish |
| 245 | 1 | 4 |
_aThe security principle : _bfrom serenity to regulation / _cFrédéric Gros ; translated by David Broder. |
| 250 | _aEnglish-language edition. | ||
| 264 | 4 |
_c2019. _aBrooklyn, NY : _bVerso, |
|
| 300 |
_a195 pages ; _c24 cm. |
||
| 546 | _aTranslated from the French. | ||
| 653 | _aუსაფრთხოების პრინციპი | ||
| 653 | _aსამართალი | ||
| 653 | _aფილოსოფია | ||
| 700 | 1 |
_aBroder, David, _eმთარგმნელი _98948 |
|
| 942 |
_2udc _cBK |
||